MARC details
| 000 -LEADER |
| campo de control de longitud fija |
01800cam a2200385 a 4500 |
| 001 - NÚMERO DE CONTROL |
| campo de control |
76248 |
| 005 - FECHA Y HORA DE LA ÚLTIMA TRANSACCIÓN |
| campo de control |
20230410130801.0 |
| 008 - DATOS DE LONGITUD FIJA--INFORMACIÓN GENERAL |
| campo de control de longitud fija |
080227s2008 maua b 001 0 eng |
| 010 ## - NÚMERO DE CONTROL DE LA BIBLIOTECA DEL CONGRESO |
| Número de control de LC |
2008009038 |
| 035 ## - NÚMERO DE CONTROL DEL SISTEMA |
| Número de control de sistema |
(OCoLC)ocn212410225 |
| 040 ## - FUENTE DE CATALOGACIÓN |
| Centro catalogador/agencia de origen |
DLC |
| Centro/agencia transcriptor |
DLC |
| Centro/agencia modificador |
YDX |
| -- |
BAKER |
| -- |
YDXCP |
| -- |
BTCTA |
| -- |
CDX |
| -- |
BWK |
| -- |
IXA |
| -- |
KUT |
| 020 ## - NÚMERO INTERNACIONAL ESTÁNDAR DEL LIBRO |
| Número Internacional Estándar del Libro |
9781405179249 (hbk. : alk. paper) |
| 020 ## - NÚMERO INTERNACIONAL ESTÁNDAR DEL LIBRO |
| Número Internacional Estándar del Libro |
1405179244 (hbk. : alk. paper) |
| 020 ## - NÚMERO INTERNACIONAL ESTÁNDAR DEL LIBRO |
| Número Internacional Estándar del Libro |
9781405179232 (pbk. : alk. paper) |
| 020 ## - NÚMERO INTERNACIONAL ESTÁNDAR DEL LIBRO |
| Número Internacional Estándar del Libro |
1405179236 (pbk. : alk. paper) |
| 029 1# - OTRO NÚMERO DE CONTROL DE SISTEMA (OCLC) |
| Identificador de la biblioteca OCLC |
NZ1 |
| Número de control de sistema |
12367853 |
| 029 1# - OTRO NÚMERO DE CONTROL DE SISTEMA (OCLC) |
| Identificador de la biblioteca OCLC |
AU@ |
| Número de control de sistema |
000043319773 |
| 035 ## - NÚMERO DE CONTROL DEL SISTEMA |
| Número de control de sistema |
(OCoLC)212410225 |
| 050 14 - SIGNATURA TOPOGRÁFICA DE LA BIBLIOTECA DEL CONGRESO |
| Número de clasificación |
PN4749 |
| Número de ítem |
.B35 2008 |
| 082 00 - NÚMERO DE LA CLASIFICACIÓN DECIMAL DEWEY |
| Número de clasificación |
302.23 |
| Número de edición |
22 |
| 049 ## - FONDOS LOCALES (OCLC) |
| Biblioteca depositaria |
GRAL |
| 100 1# - ENTRADA PRINCIPAL--NOMBRE DE PERSONA |
| Nombre de persona |
Beckett, Charlie. |
| 245 10 - MENCIÓN DEL TÍTULO |
| Título |
Supermedia : |
| Resto del título |
saving journalism so it can save the world / |
| Mención de responsabilidad, etc. |
Charlie Beckett. |
| 260 ## - PUBLICACIÓN, DISTRIBUCIÓN, ETC. |
| Lugar de publicación, distribución, etc. |
Oxford : |
| Nombre del editor, distribuidor, etc. |
Blackwell, |
| Fecha de publicación, distribución, etc. |
2008. |
| 300 ## - DESCRIPCIÓN FÍSICA |
| Extensión |
ix, 205 p. : |
| Otras características físicas |
ill. ; |
| Dimensiones |
23 cm. |
| 504 ## - NOTA DE BIBLIOGRAFÍA, ETC. |
| Nota de bibliografía, etc. |
Includes bibliographical references (p. [171]-192) and index. |
| 505 0# - NOTA DE CONTENIDO CON FORMATO |
| Nota de contenido con formato |
Introduction: "The DailyPlanet.com" : why we must save journalism so that journalism can save the world -- "Help! Help! Who will save us?" : the new media landscape -- "Is it a bird? Is it a plane? No! It's SuperMedia!" : networked journalism -- "Will nobody do anything to help?" : networked journalism and politics -- Fighting evil : terror, community, and networked journalism -- We can all be super heroes : networked journalism in action : editorial diversity and media literacy. |
| 650 #0 - PUNTO DE ACCESO ADICIONAL DE MATERIA--TÉRMINO DE MATERIA |
| Término de materia o nombre geográfico como elemento de entrada |
Journalism |
| Subdivisión general |
Social aspects. |
| 650 #0 - PUNTO DE ACCESO ADICIONAL DE MATERIA--TÉRMINO DE MATERIA |
| Término de materia o nombre geográfico como elemento de entrada |
Journalism. |
| 856 41 - LOCALIZACIÓN Y ACCESO ELECTRÓNICOS |
| Materiales especificados |
Table of contents only |
| Identificador Uniforme de Recursos |
<a href="http://www.loc.gov/catdir/toc/ecip0812/2008009038.html">http://www.loc.gov/catdir/toc/ecip0812/2008009038.html</a> |
| 938 ## - |
| -- |
Blackwell Book Service UK |
| -- |
BBUK |
| -- |
L6792743 |
| -- |
45.00 |
| 938 ## - |
| -- |
Coutts Information Services |
| -- |
COUT |
| -- |
7195840 |
| 942 ## - ELEMENTOS DE ENTRADA SECUNDARIOS (KOHA) |
| Fuente del sistema de clasificación o colocación |
Clasificación de Library of Congress |
| Tipo de ítem Koha |
|
| 994 ## - |
| -- |
C0 |
| -- |
DRFGD |